Statistics for Moby Dick 1998 Quotes

Click here to take the quiz!

General Stats

  • This quiz has been taken 14 times
  • The average score is 4 of 13

Answer Stats

QuoteCharacter% Correct
I want to see the worldIshmael
100%
What do you know about whaling?Captain Peleg
55%
Why the long face, Mr. Starbuck? Have you no game for Moby-Dick?Captain Ahab
55%
'Tis madness to be such enraged. To seek vengeance on a dumb animal is blasphemous!Starbuck
45%
No, now, Cookie's right. Because if this ship sinks, it'll be 50 lively men fighting over one coffin, and that's a sight I don't want to miss!Mr Stubb
36%
This be bad magic!Queequeg
36%
Look at them two lovebirds.Mr Flask
18%
I see it Captain!Tashtego
18%
Hammer it good, mate. Don't want a leaky coffin!Cook
9%
I'll hammer your lips together, you little black weasel!Carpenter
9%
I know you, Ahab! You must help me!Captain Gardiner
9%
They be bads!Pip
9%
What the devil is wrong with him? Has he lost his senses?Captain Boomer
0%

Score Distribution

Percentile by Number Answered

Percent of People with Each Score

Your Score History

You have not taken this quiz